000 002950000a22001330004500
020 _a958-30-2258-6
082 0 4 _aB P191q
110 1 _aPanamericana Editorial
245 1 0 _aMi querido padre
260 _aBogotá : Panamerica editorial
500 _aLibro de tela
001 1343
942 _cLGB
999 _c48510
_d48510